00649nam a2200193 a 4500001001000000003000900010005001700019007000300036008004100039040002500080082002400105100003800129245006000167246008000227260005000307300002100357600003800378700003900416000045413DO-SdBNP20240314073720.0ta090708s2013 dr a 000 0bspa d aDO-SdBNPbspacBNPHU aF-RD xxxbD812b2221 aDuarte, Juan Pablo, d1813-187610aBicentenario del Padre de la Patria Juan Pablo Duarte 1 aHomilía pronunciada por Nicolás de Jesús Cardenal López Rodríguez aSanto Domingo :bRafael Bello Peguero,c2013. a11 p. ; c24 cm.10aDuarte, Juan Pablo, d1813-18761 aAlfau Durán, Vetilio,d1909-1985